Tratamiento de calefacción y ventilación de edificios... / (Record no. 85853)

MARC details
000 -LEADER
campo de control de longitud fija 00668nam a2200181 i 4500
001 - NÚMERO DE CONTROL
campo de control 85853
003 - IDENTIFICADOR DE NÚMERO DE CONTROL
campo de control ES-MaACL
005 - FECHA Y HORA DE LA ÚLTIMA TRANSACCIÓN
campo de control 20230906175325.0
007 - CAMPO FIJO DE DESCRIPCIÓN FÍSICA--INFORMACIÓN GENERAL
campo de control de longitud fija t|
008 - DATOS DE LONGITUD FIJA--INFORMACIÓN GENERAL
campo de control de longitud fija 041202s1945 sp ||||1| spa d
100 1# - ENTRADA PRINCIPAL--NOMBRE DE PERSONA
Nombre de persona Kaemper, H.
9 (RLIN) 67394
245 10 - MENCIÓN DEL TÍTULO
Título Tratamiento de calefacción y ventilación de edificios... /
Mención de responsabilidad, etc. H. Kaemper, M. Hottinger, W. Gozenbach ; traducido de la 2ª edición original, por Rafael Hernández Giménez.
260 ## - PUBLICACIÓN, DISTRIBUCIÓN, ETC.
Lugar de publicación, distribución, etc. Barcelona :
Nombre del editor, distribuidor, etc. Gustavo Gili,
Fecha de publicación, distribución, etc. 1945 (
Fabricante Sociedad Alianza de Artes Gráficas)
300 ## - DESCRIPCIÓN FÍSICA
Extensión 372 p. :
Otras características físicas il. ;
Dimensiones 27 cm.
700 1# - ENTRADA AGREGADA--NOMBRE PERSONAL
Nombre de persona Hottinger, M.
9 (RLIN) 64310
700 1# - ENTRADA AGREGADA--NOMBRE PERSONAL
Nombre de persona Gozenbach, W.
9 (RLIN) 59432
852 ## - LOCALIZACIÓN
Ubicación ES-MaACL
Número de control de estantería B-10690
Sublocalización o colección R.22053
Holdings
Estatus retirado Estado de pérdida Estado de daño No para préstamo Biblioteca de origen Biblioteca actual Ubicación en estantería Fecha de adquisición Fuente de adquisición Total de préstamos Signatura topográfica completa Código de barras Visto por última vez Precio de reemplazo Tipo de ítem Koha
        Biblioteca del Ateneo de Madrid Biblioteca del Ateneo de Madrid Sala Pardo Bazán 17/01/2008     B-10690 1089718 23/02/2023 23/02/2023 Libro impreso